Eucharisticum mysterium: instrucción sobre el culto a la Sagrada Eucaristía
Guardat en:
| Autor corporatiu: | , |
|---|---|
| Format: | Llibre |
| Idioma: | espanyol |
| Publicat: |
Santiago
Paulinas
1967
|
| Col·lecció: | Colección Magisterium
|
| Matèries: | |
| Etiquetes: |
Afegir etiqueta
Sense etiquetes, Sigues el primer a etiquetar aquest registre!
|
MARC
| LEADER | 00000nam a2200000 a 4500 | ||
|---|---|---|---|
| 001 | UCM3189 | ||
| 003 | CL-VaPUC | ||
| 008 | 020628e19670000CL |||||||||||||||||spa|d | ||
| 082 | 0 | 4 | |a 262.933 |b SAG |2 21 |
| 110 | 2 | |a Sagrada Congregación de Ritos |e author |9 469983 | |
| 710 | 2 | |a Consilium para la Reforma Litúrgica |e author |9 469984 | |
| 245 | 1 | 0 | |a Eucharisticum mysterium: instrucción sobre el culto a la Sagrada Eucaristía |
| 300 | |a 58 p | ||
| 942 | |c BK | ||
| 945 | |d 20020628 00:00:00 |a cmena | ||
| 260 | |a Santiago |b Paulinas |c 1967 | ||
| 650 | 0 | |a Eucaristía |9 257336 | |
| 650 | 0 | |a Documentos pontificios |9 255642 | |
| 650 | 0 | |a Ritos y ceremonias |9 326995 | |
| 650 | 0 | |a Encíclicas |9 255643 | |
| 583 | |a last modification |c 20020628 00:00:00 |k Rodrigo Vera | ||
| 490 | 0 | |a Colección Magisterium | |
| 999 | |c 300677 |d 300675 | ||
| 952 | |0 0 |1 0 |4 0 |6 262_933000000000000_SAG_1967 |7 0 |8 DER_HDC |9 358852 |a BIBDER |b BIBDER |d 2019-11-21 |i 3822613 |o 262.933 SAG 1967 |p 3822613 |r 2023-01-25 |w 2019-11-21 |x Ubicación 4to Piso |y BK |z Estos recursos deben solicitarse con anticipación |k DER | ||
| 952 | |0 0 |1 0 |4 0 |6 262_933000000000000_SAG_1967 |7 0 |8 DER_HDC |9 358853 |a BIBDER |b BIBDER |d 2019-11-21 |i 3822621 |o 262.933 SAG 1967 |p 3822621 |r 2023-01-25 |w 2019-11-21 |x Ubicación 4to Piso |y BK |z Estos recursos deben solicitarse con anticipación |k DER | ||
| 952 | |0 0 |1 0 |4 0 |6 262_933000000000000_SAG_1967 |7 0 |8 A |9 358854 |a BIBTEO |b BIBTEO |d 2019-11-21 |i 2094495 |o 262.933 SAG 1967 |p 2094495 |r 2025-01-17 |w 2019-11-21 |y BK |k ICR | ||